Шаракан : (Record no. 89610)
[ view plain ]
| 000 -LEADER | |
|---|---|
| fixed length control field | 01224cam a2200241 a 4500 |
| 001 - CONTROL NUMBER | |
| control field | 000250324 |
| 003 - CONTROL NUMBER IDENTIFIER | |
| control field | AM-YeHGA |
| 005 - DATE AND TIME OF LATEST TRANSACTION | |
| control field | 20250618071658.0 |
| 008 - FIXED-LENGTH DATA ELEMENTS--GENERAL INFORMATION | |
| fixed length control field | 030717s1914 ru r 000 0 rus d |
| 040 ## - CATALOGING SOURCE | |
| Original cataloging agency | AM-YeHGA |
| 041 1# - LANGUAGE CODE | |
| Language code of text/sound track or separate title | rus |
| Language code of original | arm |
| 090 ## - LOCALLY ASSIGNED LC-TYPE CALL NUMBER (OCLC); LOCAL CALL NUMBER (RLIN) | |
| -- | 90899 |
| 245 00 - TITLE STATEMENT | |
| Title | Шаракан : |
| Remainder of title | Богослужебные каноны и песни Армянской восточной церкви: Полный перевод / |
| Statement of responsibility, etc. | Пер. c древнеарм. яз. Н. Эмин ; Под ред. К.И. Костанянца. |
| 250 ## - EDITION STATEMENT | |
| Edition statement | 2-е изд. |
| 260 ## - PUBLICATION, DISTRIBUTION, ETC. | |
| Place of publication, distribution, etc. | Москва : |
| Name of publisher, distributor, etc. | Тип. М.О. Аттая и Ко, |
| Date of publication, distribution, etc. | 1914. |
| 300 ## - PHYSICAL DESCRIPTION | |
| Extent | XXVIII, 449, [2], IV, [2] с. : |
| Other physical details | 2 вкл. л. факс. ; |
| Dimensions | 25 см. |
| 440 #0 - SERIES STATEMENT/ADDED ENTRY--TITLE | |
| Title | Этнографический фонд Эмина при Лазаревском институте восточных языков |
| Volume/sequential designation | Вып. 5 |
| 650 14 - SUBJECT ADDED ENTRY--TOPICAL TERM | |
| Topical term or geographic name entry element | Армянская восточная церковь |
| 650 14 - SUBJECT ADDED ENTRY--TOPICAL TERM | |
| Topical term or geographic name entry element | Богослужебные каноны и песни |
| General subdivision | Шараканы |
| 700 1# - ADDED ENTRY--PERSONAL NAME | |
| Personal name | Էմին, Մկրտիչ Հովսեփի, |
| Dates associated with a name | 1815-1890 |
| Relator term | пер. |
| Relationship | trl |
| 9 (RLIN) | 3517 |
| 700 1# - ADDED ENTRY--PERSONAL NAME | |
| Personal name | Կոստանյան, Կարապետ Հովսեփի, |
| Dates associated with a name | 1853-1920 |
| Relator term | ред. |
| Relationship | edt |
| 942 ## - ADDED ENTRY ELEMENTS (KOHA) | |
| Source of classification or shelving scheme | Universal Decimal Classification |
| Koha item type | Գրքեր / Books |
| Withdrawn status | Lost status | Source of classification or shelving scheme | Damaged status | Not for loan | Collection | Home library | Current library | Date acquired | Total checkouts | Full call number | Barcode | Date last seen | Price effective from | Koha item type | Public note |
|---|---|---|---|---|---|---|---|---|---|---|---|---|---|---|---|
| Universal Decimal Classification | Hovhannisian Individual Collection | Fundamental Scientific Library | Fundamental Scientific Library | 22/12/2016 | Иоан/367 | FL0437158 | 22/12/2016 | 22/12/2016 | Գրքեր / Books | ILL Non-Circ. | |||||
| General | Fundamental Scientific Library | Fundamental Scientific Library | 13/11/2018 | РД III/11423 | FL0529952 | 13/11/2018 | 13/11/2018 | Գրքեր / Books | 30 Days Loan | ||||||
| General | Fundamental Scientific Library | Fundamental Scientific Library | 13/11/2018 | РД III/11424 | FL0529953 | 13/11/2018 | 13/11/2018 | Գրքեր / Books | 30 Days Loan | ||||||
| Universal Decimal Classification | General | Fundamental Scientific Library | Fundamental Scientific Library | 25/03/2019 | РД II/53262 | FL0567348 | 25/03/2019 | 25/03/2019 | Գրքեր / Books | 30 Days Loan | |||||
| Universal Decimal Classification | General | Fundamental Scientific Library | Fundamental Scientific Library | 19/04/2019 | РД III/12330 | FL0573751 | 19/04/2019 | 19/04/2019 | Գրքեր / Books | 30 Days Load | |||||
| Universal Decimal Classification | General | Fundamental Scientific Library | Fundamental Scientific Library | 23/09/2019 | PII/16522 | FL0600682 | 23/09/2019 | 23/09/2019 | Գրքեր / Books | 30 Days Loan |
ՀՀ Գիտությունների ազգային ակադեմիայի հիմնարար գիտական գրադարան = Fundamental Scientific Library of NAS RA
All site content, except where otherwise noted, is licensed under a